Antológia k štúdiu filozofickej antropológie 20. storočia

Bibliographic Details
Main Author: Javorská, Andrea, 1972- (Author)
Format: Book
Language:Czech
Slovak
PhysicalDescription:121 s. 29 cm
Published: Nitra Univerzita Konštantína Filozofa 2004
ISBN:8080506841 (brož.)
Edition:1. vyd.
Subjects:

MARC

LEADER 00000nam a2200000 a 4500
001 vtls001486057
003 SK-MaSNL
005 20260302073741.0
008 240313s2004 xo d p 000 0 cze
015 |a SNBA2005/03-00808 
020 |a 8080506841 (brož.) 
035 |a SNK000441350 
035 |a urn:nbn:sk:snk-amlurh 
035 |a urn:nbn:sk:snk-am00ccju 
035 |a 1DB1CAA7-68F9-4160-AC2F-F3F1A09253D4 
040 |a SNK  |b slo  |c SNK  |e AACR2 
041 0 |a cze  |a slo 
044 |a xo  |c SK 
072 7 |a 14  |x Filozofické systémy a hľadiská  |2 konspekt 
080 |a 141.319.8  |2 MDT-MRF 
080 |a (082.2)  |2 MDT-MRF 
080 |a (075.8)  |2 MDT-MRF 
100 1 |a Javorská, Andrea,  |d 1972-  |4 aut  |9 258864 
245 1 0 |a Antológia k štúdiu filozofickej antropológie 20. storočia  |c Andrea Javorská 
250 |a 1. vyd. 
260 |a Nitra  |b Univerzita Konštantína Filozofa  |c 2004 
300 |a 121 s.  |c 29 cm 
500 |a Čiast. text slov. 
500 |a 200 výtl. 
504 |a Bibliogr. odkazy 
648 7 |a 20. storočie  |2 SNK  |9 278343 
650 0 7 |a filozofická antropológia  |2 SNKPH  |9 2075 
655 7 |a antológie  |2 SNKPH  |9 70414 
655 7 |a učebnice vysokých škôl  |2 SNKPH  |9 70191 
919 |a 80-8050-684-1 
958 |a OND 
968 |d 1 
999 |c 1162200  |d 1164130 
952 |t P60, <03>, [BOOK], {603}, -K-  |a SNK  |b SNK  |y PREZ  |7 0  |p 17A0451176  |o snkSB 69605  |i snkKSP 14965/2004  |0 0  |1 0  |4 0  |d 2004-11-29  |f 1  |l 0  |r 2025-04-23 00:00:00  |w 2026-02-24 
952 |t P60, <04>, [BOOK], {604}  |a SNK  |b SNK  |y VYP  |7 0  |p 17A0451175  |o snkSB 69605 D1  |i snkKSP 14966/2004  |0 0  |1 0  |4 0  |d 2004-11-29  |l 0  |r 2005-01-02 00:00:00  |w 2026-02-24